MARC details
| 000 -CABECERA |
| campo de control de longitud fija |
01817cam a2200289 i 4500 |
| 001 - NÚMERO DE CONTROL |
| campo de control |
on1349467847 |
| 003 - IDENTIFICADOR DEL NÚMERO DE CONTROL |
| campo de control |
OCoLC |
| 005 - FECHA Y HORA DE LA ÚLTIMA TRANSACCIÓN |
| campo de control |
20251003100413.0 |
| 006 - CÓDIGOS DE INFORMACIÓN DE LONGITUD FIJA--CARACTERÍSTICAS DEL MATERIAL ADICIONAL |
| campo de control de longitud fija |
m o d |
| 008 - DATOS DE LONGITUD FIJA--INFORMACIÓN GENERAL |
| campo de control de longitud fija |
221101s2022 nyu o 000 0 eng d |
| 020 ## - NÚMERO INTERNACIONAL ESTÁNDAR DEL LIBRO |
| Número Internacional Estándar del Libro |
9781568366197 |
| 035 ## - NÚMERO DE CONTROL DEL SISTEMA |
| Número de control de sistema |
(OCoLC)1349467847 |
| 040 ## - FUENTE DE LA CATALOGACIÓN |
| Centro catalogador/agencia de origen |
N$T |
| Lengua de catalogación |
eng |
| Normas de descripción |
rda |
| -- |
pn |
| Centro/agencia transcriptor |
N$T |
| Centro/agencia modificador |
N$T |
| -- |
OCLCF |
| -- |
OCLCO |
| -- |
OCLCL |
| -- |
OCLCO |
| 041 0# - CÓDIGO DE LENGUA |
| Código de lengua del texto/banda sonora o título independiente |
eng |
| -- |
jpn |
| 050 #4 - SIGNATURA TOPOGRÁFICA DE LA BIBLIOTECA DEL CONGRESO |
| Número de clasificación |
PL539.5.E5 |
| Número de documento/Ítem |
J36 2022 |
| 245 00 - MENCIÓN DE TÍTULO |
| Título |
Japanese for busy people |
| Número de parte o sección de la obra |
I, |
| Nombre de parte o sección de la obra |
Romanized version |
| Mención de responsabilidad, etc. |
/ Association for Japanese-Language Teaching, AjALT. |
| 250 ## - MENCIÓN DE EDICIÓN |
| Mención de edición |
Revised fourth edition. |
| 260 ## - PUBLICACIÓN, DISTRIBUCIÓN, ETC. |
| Lugar de publicación, distribución, etc. |
New York, NY : |
| Nombre del editor, distribuidor, etc. |
Kodansha USA, |
| Fecha de publicación, distribución, etc. |
2022. |
| 300 ## - DESCRIPCIÓN FÍSICA |
| Extensión |
xx, 266 pages : |
| Otras características físicas |
illustrations, tables (some color) ; |
| Dimensiones |
28 cm. |
| 520 ## - SUMARIO, ETC. |
| Sumario, etc. |
4th Revised Edition of JAPANESE FOR BUSY PEOPLE, the most popular Japanese language textbook series in the world. Since it was first published in 1984, the focus of the Japanese for Busy People series has always been to teach Japanese for effective communication. As suggested in the title, this is a concise course for busy students who want to learn natural, spoken Japanese as efficiently as possible in a limited amount of time. The new Japanese for Busy People: Revised 4th Edition is made up of three volumes: Book I, Book II, and Book III. Book I is available in both romanized and kana versions, similar to the Revised 3rd Edition. The Romanized Version uses romanized Japanese throughout, with kana in the Target Dialogues of each lesson. |
| 650 #0 - PUNTO DE ACCESO ADICIONAL DE MATERIA--TÉRMINO DE MATERIA |
| Término de materia o nombre geográfico como elemento de entrada |
Japanese language |
| Subdivisión de forma |
Self-instruction. |
| 650 #0 - PUNTO DE ACCESO ADICIONAL DE MATERIA--TÉRMINO DE MATERIA |
| Término de materia o nombre geográfico como elemento de entrada |
Japanese language |
| Subdivisión general |
Spoken Japanese |
| 9 (RLIN) |
13559 |
| 650 #0 - PUNTO DE ACCESO ADICIONAL DE MATERIA--TÉRMINO DE MATERIA |
| Término de materia o nombre geográfico como elemento de entrada |
Japanese language |
| Subdivisión de forma |
Textbooks for foreign speakers |
| Subdivisión general |
English |
| 9 (RLIN) |
22372 |
| 650 #0 - PUNTO DE ACCESO ADICIONAL DE MATERIA--TÉRMINO DE MATERIA |
| Término de materia o nombre geográfico como elemento de entrada |
Japanese language |
| Subdivisión de forma |
Sound recordings for English speakers |
| 9 (RLIN) |
25996 |
| 710 ## - ENTRADA AGREGADA--NOMBRE DE ENTIDAD CORPORATIVA |
| Nombre de entidad corporativa o nombre de jurisdicción como elemento de entrada |
Kokusai Nihongo Fukyū Kyōkai (Japan) |
| 9 (RLIN) |
25997 |
| 942 ## - ELEMENTOS DE ENTRADA AGREGADA (KOHA) |
| Fuente del sistema de clasificación o colocación |
Clasificación de Library of Congress |